| 000 | nam a22 a 4500 | ||
|---|---|---|---|
| 999 |
_c3550 _d3550 |
||
| 003 | AKMAL | ||
| 005 | 20170523110146.0 | ||
| 008 | 170523s1988 -us 00 eng d | ||
| 020 |
_a0931961335 (pbk.): _cRM 29.13 |
||
| 020 | _a1560523859 | ||
| 040 |
_aAKMAL _cAKMAL |
||
| 082 | 0 | 4 | _a658.456 HAY |
| 090 |
_a658.456 _bHAY |
||
| 100 | 1 |
_aHaynes, Marion E. _97018 |
|
| 245 | 1 | 0 |
_aEffective meeting skills / _cMarion E. Haynes |
| 260 |
_aLos Altos, Calif. : _bCrisp Publications, _cc1988 |
||
| 300 |
_aii, [98]p. ; _cill. ; _c26cm |
||
| 440 |
_aThe Fifty-Minute series _95947 |
||
| 650 |
_aMeetings _97058 |
||
| 942 |
_2ddc _cBOOK |
||